| 000 | 00794cab a2200229 4500 | ||
|---|---|---|---|
| 001 | ABS48543 | ||
| 008 | 090401t1993 xxu||||| |||| 00| 0 eng d | ||
| 035 | _a(Sirsi) u67304 | ||
| 041 | _aeng | ||
| 100 | _aCottam, G. | ||
| 245 | _aWho should pay for claims consultants? | ||
| 260 | _c1993 | ||
| 350 | _a0 | ||
| 490 |
_aConstruction News _v(6314) 13 May 1993, 42(1) |
||
| 520 | _aWith the use of claims consultants in the construction industry increasing this article reviews the case of "Piper Double Glazing Ltd v DC Contracts (1992)" to consider who should pay for the claims consultant`s work. | ||
| 650 | _aCLAIM CONSULTANTS | ||
| 650 | _aLEGAL FEES | ||
| 650 | _aPROFESSIONAL FEES | ||
| 690 | _aBUILT ENVIRONMENT-BUILDING CONTRACT FORMS | ||
| 942 | _n0 | ||
| 948 | _c04/03/1997 | ||
| 999 |
_c42119 _d42119 |
||